Normal view
MARC view
- Mclntosh, Christopher
Entry Personal Name
001 - CONTROL NUMBER
- control field: 108952
003 - CONTROL NUMBER IDENTIFIER
- control field: NUST
005 - DATE AND TIME OF LATEST TRANSACTION
- control field: 20230213104341.0
008 - FIXED-LENGTH DATA ELEMENTS
- fixed length control field: 230213|| aca||aabn | a|a d
040 ## - CATALOGING SOURCE
- Original cataloging agency: NUST
- Transcribing agency: NUST
100 ## - HEADING--PERSONAL NAME
- Personal name: Mclntosh, Christopher
670 ## - SOURCE DATA FOUND
- Source citation: Work cat.: (NUST)187509: Mclntosh, Christopher, American Express Travel Guide :
